Budismo religiones del mundo

Bewaard in:
Bibliografische gegevens
Hoofdauteur: Wangu, Madhu Bazaz (Auteur)
Formaat: Boek
Taal:Spaans
Gepubliceerd in: Barcelona Idea Books 1998
Onderwerpen:
Tags: Voeg label toe
Geen labels, Wees de eerste die dit record labelt!

MARC

LEADER 00000nam a2200000 a 4500
001 UCP4087
003 CL-VaPUC
008 990724e19980000SP |||||||||||||||||spa|d
082 0 4 |a 294.3  |b WAN  |2 21 
100 0 |a Wangu, Madhu Bazaz  |e author  |9 431488 
245 1 0 |a Budismo religiones del mundo 
300 |a 128 p 
942 |c BK 
945 |d 19990724 00:00:00  |a rbrito 
260 |a Barcelona  |b Idea Books  |c 1998 
650 7 |a BUDISMO  |2 CL-VaPUC  |9 431489 
650 0 |a Filosofía oriental  |9 319113 
650 7 |a RELIGION ORIENTAL  |2 CL-VaPUC  |9 431490 
650 7 |a LITERATURA ORIENTAL  |2 CL-VaPUC  |9 406399 
650 0 |a Arte oriental  |9 314876 
583 |a last modification  |c 19990724 00:00:00  |k Rodrigo Vera 
999 |c 282156  |d 282154 
952 |0 0  |1 0  |4 0  |6 294_300000000000000_WAN_1998  |7 0  |8 A  |9 323642  |a BIBTEO  |b BIBTEO  |d 2019-11-20  |i 3521702  |l 1  |m 2  |o 294.3 WAN 1998  |p 3521702  |r 2025-01-17  |s 2023-04-04  |w 2019-11-20  |y BK  |k ICR